Masterplots : 1,801 plot stories and critical evaluations of the world's finest literature /

Bibliographic Details
Other Authors: Magill, Frank N. (Frank Northen), 1907-1997, Kohler, Dayton, 1907-1972, Mazzeno, Laurence W.
Format: Book
Language:English
Published: Pasadena, Calif. : Salem Press, [1996]
Edition:Rev. 2nd ed. /
Subjects:

MARC

Tag First Indicator Second Indicator Subfields
LEADER 00000cam a2200000 a 4500
001 in00001344331
005 20151006051849.0
008 960529s1996 cau b 001 0 eng
010 |a  96023382  
020 |a 0893560847 (set) 
020 |a 0893560855 (v. 1) 
035 |a (OCoLC)34875939 
035 |9 AHF6912AM 
040 |a DLC  |c DLC  |d TXA  |d UtOrBLW 
049 |a TXAM 
050 0 0 |a PN44  |b .M33 1996 
082 0 0 |a 809  |2 20 
245 0 0 |a Masterplots :  |b 1,801 plot stories and critical evaluations of the world's finest literature /  |c edited by Frank N. Magill ; story editor, revised edition, Dayton Kohler. 
250 |a Rev. 2nd ed. /  |b consulting editor, Laurence W. Mazzeno. 
264 1 |a Pasadena, Calif. :  |b Salem Press,  |c [1996] 
264 4 |c ©1996 
300 |a 12 volumes ;  |c 24 cm. 
336 |a text  |b txt  |2 rdacontent 
337 |a unmediated  |b n  |2 rdamedia 
338 |a volume  |b nc  |2 rdacarrier 
500 |a Expanded and updated version of the 1976 revised edition. 
504 |a Includes bibliographical references. 
500 |a Includes indexes in volume 12. 
505 0 |a v. 1. A-Ber -- v. 2. Bet-Con -- v. 3. Con-Dul -- v. 4. Dum-Gen --v. 5. Gen-Hyp -- v. 6. Icl-Los -- v. 7. Los-Myr -- v. 8. Mys-Per -- v. 9. Pet-Ric -- v. 10. Rid-Spo -- v. 11. Spo-Und -- v. 12. Unf-Z. 
650 0 |a Literature  |v Stories, plots, etc. 
650 0 |a Literature  |x History and criticism. 
700 1 |a Magill, Frank N.  |q (Frank Northen),  |d 1907-1997. 
700 1 |a Kohler, Dayton,  |d 1907-1972. 
700 1 |a Mazzeno, Laurence W. 
999 |a MARS 
999 f f |s 50e14bf0-5a83-3729-9a3b-8ec82248471d  |i 4dd07a66-3729-3216-ab60-a3442e257bb2  |t 0 
952 f f |p ric  |a Texas A&M University  |b Rellis Campus  |c Joint Library Facility  |d Remote Storage  |t 0  |e PN44 .M33 1996  |h Library of Congress classification  |i unmediated -- volume  |k v.10  |m A14820777577 
952 f f |p ric  |a Texas A&M University  |b Rellis Campus  |c Joint Library Facility  |d Remote Storage  |t 0  |e PN44 .M33 1996  |h Library of Congress classification  |i unmediated -- volume  |k v.2  |m A14820777496 
952 f f |p ric  |a Texas A&M University  |b Rellis Campus  |c Joint Library Facility  |d Remote Storage  |t 0  |e PN44 .M33 1996  |h Library of Congress classification  |i unmediated -- volume  |k v.5  |m A14826140875 
952 f f |p ric  |a Texas A&M University  |b Rellis Campus  |c Joint Library Facility  |d Remote Storage  |t 0  |e PN44 .M33 1996  |h Library of Congress classification  |i unmediated -- volume  |k v.3  |m A14820777501 
952 f f |p ric  |a Texas A&M University  |b Rellis Campus  |c Joint Library Facility  |d Remote Storage  |t 0  |e PN44 .M33 1996  |h Library of Congress classification  |i unmediated -- volume  |k v.9  |m A14820777569 
952 f f |p ric  |a Texas A&M University  |b Rellis Campus  |c Joint Library Facility  |d Remote Storage  |t 0  |e PN44 .M33 1996  |h Library of Congress classification  |i unmediated -- volume  |k v.8  |m A14820777551 
952 f f |p ric  |a Texas A&M University  |b Rellis Campus  |c Joint Library Facility  |d Remote Storage  |t 0  |e PN44 .M33 1996  |h Library of Congress classification  |i unmediated -- volume  |k v.7  |m A14820777543 
952 f f |p ric  |a Texas A&M University  |b Rellis Campus  |c Joint Library Facility  |d Remote Storage  |t 0  |e PN44 .M33 1996  |h Library of Congress classification  |i unmediated -- volume  |k v.1  |m A14843146995 
952 f f |p ric  |a Texas A&M University  |b Rellis Campus  |c Joint Library Facility  |d Remote Storage  |t 0  |e PN44 .M33 1996  |h Library of Congress classification  |i unmediated -- volume  |k v.6  |m A14820777535 
952 f f |p ric  |a Texas A&M University  |b Rellis Campus  |c Joint Library Facility  |d Remote Storage  |t 0  |e PN44 .M33 1996  |h Library of Congress classification  |i unmediated -- volume  |k v.12  |m A14820777593 
952 f f |p ric  |a Texas A&M University  |b Rellis Campus  |c Joint Library Facility  |d Remote Storage  |t 0  |e PN44 .M33 1996  |h Library of Congress classification  |i unmediated -- volume  |k v.4  |m A14820777519 
952 f f |p ric  |a Texas A&M University  |b Rellis Campus  |c Joint Library Facility  |d Remote Storage  |t 0  |e PN44 .M33 1996  |h Library of Congress classification  |i unmediated -- volume  |k v.11  |m A14820777585 
998 f f |a PN44 .M33 1996  |s v.1-v.12  |t 0  |l Remote Storage